000 00571nam a2200229Ia 4500
005 20250508165349.0
008 008 250505s9999 xx 000 0 eng d
020 _a978-1-4462-0307-1
037 _aTextual
040 _aFEDL
_beng
_cFEDL
041 _aeng
_2eng
084 _a574, MAC
_qFEDL
100 _aMackean D G
245 0 _aIGCSE biology
250 _a2
260 _aLondon, UK
_bHodder Education
_c2009
300 _axi, 372p.
365 _aINR
_b1495
546 _aCD Included
942 _cTEXL
_h574, MAC
999 _c1394677
_d1394677